[Event "Bucharest Romgaz op 2nd"]
[Site "Bucharest"]
[Date "2008.09.17"]
[Round "7"]
[White "Matei, Florin"]
[Black "Jackova, Jana"]
[Result "1/2-1/2"]
[WhiteElo "2196"]
[BlackElo "2358"]
[PlyCount "88"]
[EventDate "2008.09.11"]
[EventType "swiss"]
[EventRounds "9"]
[EventCountry "ROU"]
[SourceTitle "CBM 126 Extra"]
[Source "ChessBase"]
[SourceDate "2008.11.05"]
[SourceVersion "1"]
[SourceVersionDate "2008.11.05"]
[SourceQuality "1"]

1. e4 e5 2. Nf3 Nc6 3. Bb5 a6 4. Bxc6 dxc6 5. Nc3 f6 6. d4 exd4 7. Nxd4 c5 8. Nde2 Qxd1+ 9. Nxd1 Be6 10. Bf4 0-0-0 11. Ne3 Ne7 12. Rd1 Nc6 13. Rxd8+ Kxd8 14. a3 Nd4 15. c3 Nxe2 16. Kxe2 Bb3 17. h4 Kd7 18. g4 b5 19. h5 Bd6 20. Bxd6 cxd6 21. f4 a5 22. Kf3 b4 23. axb4 cxb4 24. cxb4 a4 25. Rh2 Rb8 26. Nf5 Rxb4 27. Rd2 d5 28. exd5 g6 29. hxg6 hxg6 30. Ne3 Kd6 31. Kg3 Rb5 32. Rd4 Kc5 33. Rd3 Kd6 34. f5 g5 35. Rd4 Ke5 36. Rd2 Bxd5 37. Nxd5 Rxd5 38. Re2+ Kd4 39. Re6 Rb5 40. Rxf6 Rb3+ 41. Kf2 Rxb2+ 42. Kf3 Rb3+ 43. Kf2 Rb2+ 44. Kf3 Ke5 1/2-1/2

[Event "ROM-ch"]
[Site "Amara"]
[Date "2007.02.17"]
[Round "2"]
[White "Matei, Florin"]
[Black "Scurhan, Gheorghe"]
[Result "0-1"]
[WhiteElo "2227"]
[BlackElo "2096"]
[PlyCount "104"]
[EventDate "2007.02.16"]
[EventType "swiss"]
[EventRounds "9"]
[EventCountry "ROU"]
[SourceTitle "CBM 117 Extra"]
[Source "ChessBase"]
[SourceDate "2007.05.09"]
[SourceVersion "1"]
[SourceVersionDate "2007.05.09"]
[SourceQuality "1"]

1. e4 c5 2. a3 Nf6 3. e5 Nd5 4. c4 Nc7 5. d4 cxd4 6. Qxd4 Nc6 7. Qe4 g6 8. Nf3 Bg7 9. Nc3 0-0 10. Bf4 Ne6 11. Bg3 b6 12. Be2 f5 13. Qd5 Kh8 14. 0-0-0 a5 15. h4 h6 16. Bh2 Qe8 17. Rdg1 Qf7 18. Bd3 Bb7 19. Bc2 Rab8 20. Qd1 Nc5 21. Nd5 e6 22. Nf4 Ne4 23. Qe2 Ne7 24. g4 g5 25. hxg5 Nxg5 26. Nxg5 hxg5 27. Ng2 Kg8 28. f3 Rfc8 29. gxf5 Nxf5 30. Ne1 Nd4 31. Qd3 Nxc2 32. Qxc2 b5 33. Rg4 Rxc4 34. Rxc4 bxc4 35. Rg1 Qe7 36. f4 c3 37. Rxg5 cxb2+ 38. Qxb2 Qc5+ 39. Nc2 Rc8 40. f5 Qe3+ 41. Kb1 Qxg5 42. Qxb7 Qd8 43. Qg2 exf5 44. Qd5+ Kf8 45. Bg1 Qc7 46. Qd3 Qxe5 47. Bd4 Qb8+ 48. Kc1 Bh6+ 49. Be3 Bxe3+ 50. Qxe3 Qd6 51. Qf3 Rxc2+ 52. Kxc2 Qc6+ 0-1

[Event "Bucharest Rizea Memorial"]
[Site "Bucharest"]
[Date "2007.??.??"]
[Round "6"]
[White "Matei, Florin"]
[Black "Cosma, Elena Luminita"]
[Result "1/2-1/2"]
[WhiteElo "2193"]
[BlackElo "2370"]
[PlyCount "130"]
[EventDate "2007.11.17"]
[EventType "swiss"]
[EventRounds "9"]
[EventCountry "ROU"]
[SourceTitle "EXT 2010"]
[Source "ChessBase"]
[SourceDate "2010.11.25"]
[SourceVersion "1"]
[SourceVersionDate "2010.11.25"]
[SourceQuality "1"]

1. e4 e6 2. d4 d5 3. Nc3 h6 4. Nf3 Nf6 5. Bd3 Bb4 6. exd5 exd5 7. Qe2+ Qe7 8. Qxe7+ Kxe7 9. Bf4 c6 10. 0-0 Be6 11. a3 Bd6 12. Bxd6+ Kxd6 13. Rfe1 Nbd7 14. Ne5 g5 15. Nxd7 Kxd7 16. b4 b6 17. a4 Kd6 18. f3 a5 19. Rab1 axb4 20. Rxb4 Ra5 21. Reb1 Nd7 22. f4 gxf4 23. Rf1 Ke7 24. Rbb1 c5 25. Bb5 cxd4 26. Ne2 Kd6 27. Nxd4 Nc5 28. Rxf4 Ne4 29. Nc6 Raa8 30. c4 Nc3 31. Re1 dxc4 32. Nd4 Nxb5 33. axb5 Rac8 34. Nxe6 fxe6 35. Rf6 Rhe8 36. Rxh6 c3 37. Rh3 Rc4 38. Rc1 c2 39. Kf1 Kc5 40. Rb3 Rd8 41. Ke2 Rh8 42. h3 e5 43. Kd2 Rd8+ 44. Rd3 Rxd3+ 45. Kxd3 e4+ 46. Kd2 Kd4 47. Rxc2 Rb4 48. g4 Rxb5 49. h4 Rb3 50. Rc8 Rb2+ 51. Kd1 Rh2 52. h5 Kd3 53. Rd8+ Ke3 54. Rb8 Kf3 55. Rxb6 Rh1+ 56. Kc2 Kxg4 57. Kd2 Kf4 58. Rf6+ Ke5 59. Rh6 Rh2+ 60. Ke3 Rh3+ 61. Ke2 Kf4 62. Rf6+ Kg5 63. Rg6+ Kf5 64. Rh6 Kf4 65. Ke1 Ke5 1/2-1/2

[Event "Bucharest Rizea Memorial"]
[Site "Bucharest"]
[Date "2007.??.??"]
[Round "8"]
[White "Matei, Florin"]
[Black "Murariu, Andrei"]
[Result "0-1"]
[WhiteElo "2193"]
[BlackElo "2511"]
[PlyCount "120"]
[EventDate "2007.11.17"]
[EventType "swiss"]
[EventRounds "9"]
[EventCountry "ROU"]
[SourceTitle "EXT 2010"]
[Source "ChessBase"]
[SourceDate "2010.11.25"]
[SourceVersion "1"]
[SourceVersionDate "2010.11.25"]
[SourceQuality "1"]

1. e4 c5 2. Nf3 Nc6 3. Nc3 d6 4. Bc4 Nf6 5. a3 e6 6. d3 Be7 7. Ba2 0-0 8. 0-0 d5 9. e5 Nd7 10. Re1 a6 11. Bf4 b5 12. Qd2 Rb8 13. Rad1 a5 14. Ne2 b4 15. c3 Ba6 16. Ng3 Nb6 17. Nh5 Na4 18. Bh6 bxc3 19. bxc3 g6 20. Nf6+ Bxf6 21. exf6 Qxf6 22. Bxf8 Rb2 23. Qh6 Nxc3 24. Bxc5 Qg7 25. Qh4 Nxd1 26. Rxd1 Rxa2 27. Nd4 g5 28. Qg3 Ne5 29. Nf3 Ra1 30. Rxa1 Nxf3+ 31. gxf3 Qxa1+ 32. Kg2 Bxd3 33. Qxg5+ Qg7 34. f4 a4 35. Kf3 h6 36. Qxg7+ Kxg7 37. Ke3 Bb1 38. Kd4 Kf6 39. Bd6 Kf5 40. f3 Bc2 41. Bc7 Bd1 42. Ke3 f6 43. Bb8 e5 44. fxe5 fxe5 45. Bd6 d4+ 46. Kf2 Kf4 47. Bf8 Bxf3 48. Bxh6+ Ke4 49. Bg7 Bh5 50. Bf6 Kd5 51. Ke1 e4 52. Kd2 e3+ 53. Kd3 Bg6+ 54. Ke2 Ke4 55. Ke1 Kd3 56. h4 Bh5 57. Bg7 Kc4 58. Bh6 Kb3 59. Bf8 d3 60. Bb4 Kc2 0-1

[Event "Bucharest November"]
[Site "Bucharest"]
[Date "2003.11.16"]
[Round "4"]
[White "Ionica, Iulia Ionela"]
[Black "Matei, Florin"]
[Result "1-0"]
[WhiteElo "2236"]
[BlackElo "2174"]
[PlyCount "110"]
[EventDate "2003.11.13"]
[EventType "tourn"]
[EventRounds "9"]
[EventCountry "ROU"]
[SourceTitle "EXT 2008"]
[Source "ChessBase"]
[SourceDate "2007.11.25"]
[SourceVersion "1"]
[SourceVersionDate "2007.11.25"]
[SourceQuality "1"]

1. e4 c5 2. Nf3 d6 3. d4 cxd4 4. Nxd4 Nf6 5. Nc3 g6 6. Be3 Bg7 7. f3 Nc6 8. Qd2 0-0 9. 0-0-0 d5 10. Qe1 e5 11. Nxc6 bxc6 12. exd5 Nxd5 13. Bc4 Be6 14. Ne4 Qc7 15. Bc5 Rfe8 16. g4 h6 17. h4 f5 18. gxf5 gxf5 19. Ng3 Qf7 20. Bb3 a5 21. a4 Nf4 22. Bxe6 Nxe6 23. Ba3 Nd4 24. Qf1 Qa2 25. Qg2 Rad8 26. Rd3 Nxf3 27. Qxf3 e4 28. Rxd8 exf3 29. Rxe8+ Kh7 30. Rf1 f4 31. Rxf3 fxg3 32. Rxg3 Qa1+ 33. Kd2 Bxb2 34. Re7+ Kh8 35. Bxb2+ Qxb2 36. Rg4 Qf6 37. Rge4 Qd6+ 38. Kc1 Kg8 39. Kb2 Kf8 40. R7e6 Qd5 41. R6e5 Qd1 42. Rxa5 Qf3 43. Rae5 Qf1 44. h5 Kf7 45. Re7+ Kf6 46. R7e6+ Kg5 47. R4e5+ Kh4 48. a5 Qa6 49. Rc5 Qb7+ 50. Ka3 Qb1 51. Rcxc6 Qa1+ 52. Kb4 Qb2+ 53. Ka4 Kxh5 54. Rxh6+ Kg5 55. Rhd6 Kf5 1-0

[Event "Bucharest November"]
[Site "Bucharest"]
[Date "2003.11.13"]
[Round "1"]
[White "Matei, Florin"]
[Black "Corke, Anya Sun"]
[Result "0-1"]
[WhiteElo "2174"]
[BlackElo "2042"]
[PlyCount "74"]
[EventDate "2003.11.13"]
[EventType "tourn"]
[EventRounds "9"]
[EventCountry "ROU"]
[SourceTitle "EXT 2008"]
[Source "ChessBase"]
[SourceDate "2007.11.25"]
[SourceVersion "1"]
[SourceVersionDate "2007.11.25"]
[SourceQuality "1"]

1. f4 d5 2. Nf3 g6 3. g3 Bg7 4. Bg2 Nf6 5. 0-0 0-0 6. e3 c5 7. d3 Nc6 8. Nbd2 Ng4 9. Qe2 e5 10. fxe5 Ngxe5 11. Nb3 Qd6 12. Nxe5 Nxe5 13. d4 Nd7 14. Qf3 c4 15. Nd2 Nf6 16. e4 Nxe4 17. Nxe4 dxe4 18. Qxe4 Bf5 19. Qxb7 Rab8 20. Qf3 Bxd4+ 21. Kh1 Bxb2 22. Bf4 Be5 23. Rad1 Qc7 24. Bxe5 Qxe5 25. Rd5 Qe6 26. Qc3 Be4 27. Re5 Bxg2+ 28. Kxg2 Qc6+ 29. Kg1 Rfe8 30. Rfe1 Rxe5 31. Qxe5 Qb6+ 32. Kf1 Qb2 33. Qd6 Qb7 34. Re4 Rc8 35. Rh4 Qf3+ 36. Ke1 Re8+ 37. Kd2 Qe3+ 0-1

[Event "Bucharest Edyval Cup"]
[Site "Bucharest"]
[Date "2001.10.17"]
[Round "3"]
[White "Matei, Florin"]
[Black "Frasineanu, Marius"]
[Result "0-1"]
[WhiteElo "2201"]
[BlackElo "2260"]
[PlyCount "62"]
[EventDate "2001.10.15"]
[EventType "tourn"]
[EventRounds "13"]
[EventCountry "ROU"]
[SourceTitle "EXT 2010"]
[Source "ChessBase"]
[SourceDate "2010.11.25"]
[SourceVersion "1"]
[SourceVersionDate "2010.11.25"]
[SourceQuality "1"]

1. e4 e6 2. d3 d5 3. Qe2 Nf6 4. Nf3 c5 5. g3 Nc6 6. Bg2 d4 7. e5 Nd5 8. 0-0 Qc7 9. c4 dxc3 10. bxc3 b6 11. c4 Nde7 12. Nc3 a6 13. Ne4 Nf5 14. Bb2 h5 15. Rad1 Bb7 16. d4 cxd4 17. Nd6+ Bxd6 18. exd6 Qxd6 19. Bh3 Qc5 20. Bxf5 Qxf5 21. Nxd4 Nxd4 22. Rxd4 h4 23. Rf4 Qh3 24. Rf3 Bxf3 25. Qxf3 Rc8 26. Qb7 0-0 27. Qxa6 Qg4 28. Qxb6 Rxc4 29. Qe3 Rc2 30. Rb1 Rb8 31. h3 Qb4 0-1